000 01094nam a2200301 a 4500
001 ebr10405181
003 CaPaEBR
006 m u
007 cr cn|||||||||
008 100706s2010 sa s 000 j eng d
010 _z 2010475291
020 _z9781920397210 (e-book)
020 _z9781920397081
020 _z1920397086
040 _aCaPaEBR
_cCaPaEBR
035 _a(OCoLC)680618027
050 1 4 _aPR9369.3.S195
_bT45 2010eb
100 1 _aSalafranca, Arja,
_d1971-
245 1 4 _aThe thin line
_h[electronic resource] /
_cArja Salafranca.
260 _aAthlone, South Africa :
_bModjaji Books,
_c2010.
300 _a216 p.
500 _aShort stories.
533 _aElectronic reproduction.
_bPalo Alto, Calif. :
_cebrary,
_d2013.
_nAvailable via World Wide Web.
_nAccess may be limited to ebrary affiliated libraries.
650 0 _aAmerican fiction
_y21st century.
655 7 _aElectronic books.
_2local
710 2 _aebrary, Inc.
856 4 0 _uhttp://site.ebrary.com/lib/rucke/Doc?id=10405181
_zAn electronic book accessible through the World Wide Web; click to view
999 _c82212
_d82212